000 01074cam a2200349 i 4500
001 8448
003 FISKH
005 20250912111624.0
008 761029s1977 ilua j 000 1 eng
010 _a 76050670
020 _a0516034278
020 _a9780516034270
035 _a3653661
040 _aDLC
_cDLC
_dDLC
_beng
042 _alcac
050 0 0 _aPZ7.P86
_bBmr
082 _a813.54
100 1 _aPoulet, Virginia.
245 1 0 _aBlue Bug's surprise /
_cby Virginia Poulet ; illustrated by Mary Maloney and Stan Fleming.
260 _aChicago :
_bChildrens Press,
_c1977.
300 _a32 pages :
_bcolor illustrations ;
_c25 cm
505 _aE
520 _aBlue Bug surprises his friend by giving her many kinds of flowers. Then she surprises him.
521 8 _a160
_bLexile estimate
521 8 _aE
_bRaz-Plus
650 1 _aFlowers
_xFiction.
700 1 _aMaloney-Fleming, Mary.
_eillustrator
700 1 _aFleming, Stan.
_eillustrator
906 _a7
_bcbc
_corignew
_d1
_eocip
_f19
_gy-gencatlg
942 _2ddc
_cBK
_n0
999 _c8448
_d8448